000 00307nam a2200121Ia 4500
008 190722s9999 xx 000 0 und d
020 _a978-1-4842-2730-5
100 _aAshwin Pajankar
245 0 _aRaspberry PI Image Processing Programming
260 _aInda
_bApress
_c2017
300 _a127
942 _cBK
999 _c1127
_d1127